| 000 | 01887nam0a2200397 4500 | ||
|---|---|---|---|
| 001 | RU\NLR\bibl\1154217 | ||
| 005 | 20260407075344.0 | ||
| 010 |
_a5-8269-0085-7 _91000 |
||
| 021 |
_aRU _b2007-67326 _93610 |
||
| 035 | _a(NLR Aleph) 001140999 | ||
| 090 |
_a1417639 _c1417639 |
||
| 100 | _a20071114d2004 |||y0rusy50 ca | ||
| 101 | 0 | _arus | |
| 102 | _aRU | ||
| 105 | _aa ||||||||| | ||
| 135 | _acrmn mmmanaba | ||
| 200 | 1 |
_aВокальная школа Российской академии музыки имени Гнесиных, 1944-2004 _f[авт.-сост.: М.С. Агин, засл. работник культуры России, к.п.н., проф.] |
|
| 210 |
_aМосква _cРоссийская академия музыки _d2004 |
||
| 215 |
_a590,[1] с. _cпортр. _d30 |
||
| 320 | _aДискогр.: с. 572-581 | ||
| 320 | _aИмен. указ.: с. 582-590 | ||
| 325 | 1 | _aКопия доступна в электронной библиотеке РНБ | |
| 601 | 0 | 2 |
_aРоссийская академия музыки им. Гнесиных _bВокальный факультет _xИстория _92244443 _3RU\NLR\auth\661346586 |
| 686 | _aЧ489.782.4(2)7г | ||
| 686 | _aЩ313(2Р=Рус)7 | ||
| 702 | 1 |
_aАгин _bМ. С. _gМихаил Суренович |
|
| 711 | 0 | 2 |
_4070 _aРоссийская академия музыки им. Гнесиных _9279817 _3RU\NLR\AUTH\884210 |
| 801 | 0 |
_aRU _bNLR _c20071114 _gRCR |
|
| 801 | 1 |
_aRU _bNLR _c20071114 |
|
| 830 | _aпо кн. | ||
| 901 | _eКнижные издания | ||
| 942 | _cBOOK | ||
| 980 | _aNB | ||
| 981 | 1 | 3 |
_a(13) Документы, защищенные авторским правом _b(13) Современная научная, научно-популярная и популярная л |